Final Classification of Premier League 2021/2022 - Statistics

General Stats
  • This quiz has been taken 36 times
  • The average score is 16 of 20
Answer Stats
Position Points Result Team % Correct
#02 92 Champions League Liverpool
100%
#01 93 Champions League Manchester City
100%
#06 58 Europa League Manchester United
100%
#05 69 Europa League Arsenal
97%
#03 74 Champions League Chelsea
97%
#04 71 Champions League Tottenham Hotspurs
91%
#11 49 / Newcastle
86%
#17 38 / Leeds United
80%
#08 52 / Leicester City
80%
#07 56 Conference League West Ham
80%
#14 45 / Aston Villa
77%
#13 46 / Brentford
77%
#20 22 Demotion Norwich City
74%
#15 40 / Southampton
74%
#10 51 / Wolverhampton
74%
#18 35 Demotion Burnley
71%
#12 48 / Crystal Palace
71%
#16 39 / Everton
71%
#09 51 / Brighton & Hove Albion
69%
#19 23 Demotion Watford
54%
No matching quizzes found
Score Distribution
Percent of People with Each Score
Percentile by Number Answered
Your Score History
You have not taken this quiz